000 00543nam a22001697a 4500
005 20251108165436.0
008 250721s1989 xx 000 0 ara d
082 1 4 _aم/016.956/بيل
100 1 _aعلي، علي سامي
_eمعد
245 1 0 _aببليوغرافية بلاد الشام /
264 1 _aعمان :
_bلجنة تاريخ بلاد الشام-الجامعة اللإردنية،
_c1989.
300 _a403ص
650 1 7 _aبلاد الشام
650 1 7 _aالببليوغرافيات
942 _2ddc
_cREF
999 _c28014
_d28014